Statistics for Avengers: Infinity War (2018): Random Characters

Click here to take the quiz!

General Stats

  • This quiz has been taken 36 times
  • The average score is 2 of 6

Answer Stats

HintAnswer% Correct
Samuel L. JacksonNick Fury
100%
Cobie SmuldersMaria Hill
61%
Ross MarquandRed Skull
16%
Tiffany EspensenCindy
10%
Isabella AmaraSally
10%
Ethan DizonTiny
10%

Score Distribution

Percentile by Number Answered

Percent of People with Each Score

Your Score History

You have not taken this quiz